000
00288nam a22001097a 4500
082
_a
363/JOS
100
_a
Joshi,Aashish
_9
81605
245
_a
North West Frontier Province Rising Nationalism
260
_a
Delhi
_b
Ishwari Publication
_c
2017
650
_a
Nationalism
_9
81600
942
_c
BK
999
_c
65746
_d
65746